000 00366nam a2200133 i 4500
001 bg
245 0 _aSbornik zadac po teorii verojatnostej matematiceskoj statistike i teorii slucajnych funkcij.
250 _aIzdanie vtoroe dopolnennoe.
260 _aMoskva,
_c1970.
040 _cBPK
041 _apol
942 _cKS
008 s pl f |000 0 pol
999 _c13510
_d13510
856 _uhttp://koha.tu.koszalin.pl/cgi-bin/koha/opac-detail.pl?biblionumber=13510
_yKatalog online BPK